| 000 | 01017nam a2200325 a 4500 | ||
|---|---|---|---|
| 001 | 000108267 | ||
| 003 | CHAP | ||
| 005 | 20220329144005.0 | ||
| 008 | 140121s2013 it aj |r| ||||||eng d | ||
| 010 | _a104729 | ||
| 011 | _a105701 | ||
| 040 | _cCHAP | ||
| 082 | 0 | 4 |
_a639.2 _bF3y v.576 |
| 245 | 0 | 1 |
_aConstruction and installation of hexagonal wooden cages for fish farming. A technical manual / _cpor Fabrizio Piccolotti y Alessandro Lovatelli. |
| 260 |
_aRoma : _bFAO, _c2013. |
||
| 300 |
_ax, 76 p : _bil., tabs.,. |
||
| 490 | 1 |
_aDocumento técnico de pesca _v; 576 |
|
| 534 | _pTít. original : | ||
| 590 |
_aE5995AHE _b05 _c20140121 _lUCH01 _h1156 |
||
| 650 | 1 | 4 |
_aAcuicultura _9758 |
| 650 | 1 | 4 |
_aCultivo en jaulas. _930219 |
| 650 | 1 | 4 |
_aElección de especies. _9125172 |
| 650 | 1 | 4 |
_aPiscicultura. _988531 |
| 700 | 0 |
_aLovatelli, Alessandro. _968642 |
|
| 700 | 1 |
_aPiccolotti, Fabrizio _9125171 |
|
| 830 | 0 | 0 |
_aDocumento técnico de pesca _v; 576 _933242 |
| 901 | _aBK | ||
| 942 | _cLIBRO | ||
| 942 | _n0 | ||
| 999 |
_c104729 _d104729 |
||